Central Library OPAC University of Rajshahi

The new technology of financial management / (Record no. 15447)

MARC details
000 -LEADER
fixed length control field 01081cam a2200313 a 4500
001 - CONTROL NUMBER
control field 15447
003 - CONTROL NUMBER IDENTIFIER
rucl marc code BD-RjUL
005 - DATE AND TIME OF LATEST TRANSACTION
control field 20211208235822.0
008 - FIXED-LENGTH DATA ELEMENTS--GENERAL INFORMATION
fixed length control field 140210s1992 nyua 001 0 eng
020 ## - INTERNATIONAL STANDARD BOOK NUMBER
International Standard Book Number 0471574023 (cloth : alk. paper) :
035 ## - SYSTEM CONTROL NUMBER
System control number (BD-RjUL)
040 ## - CATALOGING SOURCE
Original cataloging agency DLC
Transcribing agency DLC
Modifying agency DLC
Language of cataloging eng
041 ## - LANGUAGE CODE
Language code of text/sound track or separate title eng
082 00 - DEWEY DECIMAL CLASSIFICATION NUMBER
Classification number 658.155
Edition number 20
Author mark and year CHN 1992
100 1# - MAIN ENTRY--PERSONAL NAME
Personal name Chorafas, Dimitris N.
9 (RLIN) 47979
245 14 - TITLE STATEMENT
Title The new technology of financial management /
Statement of responsibility, etc. [by] Dimitris N. Chorafas.
260 ## - PUBLICATION, DISTRIBUTION, ETC. (IMPRINT)
Place of publication, distribution, etc. New York :
Name of publisher, distributor, etc. Wiley,
Date of publication, distribution, etc. c1992.
300 ## - PHYSICAL DESCRIPTION
Pagination xiv, 290 p. :
Illustrations ill. ;
Size 24 cm.
504 ## - BIBLIOGRAPHY, ETC. NOTE
Bibliography, etc Includes index.
650 #0 - SUBJECT ADDED ENTRY--TOPICAL TERM
Topical term or geographic name as entry element Foreign exchange
General subdivision Data processing.
9 (RLIN) 47981
Topical term or geographic name as entry element Options (Finance)
General subdivision Data processing.
9 (RLIN) 47982
Topical term or geographic name as entry element Information technology.
9 (RLIN) 47983
856 42 - ELECTRONIC LOCATION AND ACCESS
Materials specified Publisher description
Uniform Resource Identifier <a href="http://www.loc.gov/catdir/description/wiley031/92001023.html">http://www.loc.gov/catdir/description/wiley031/92001023.html</a>
Materials specified Table of Contents
Uniform Resource Identifier <a href="http://www.loc.gov/catdir/toc/onix01/92001023.html">http://www.loc.gov/catdir/toc/onix01/92001023.html</a>
942 ## - ADDED ENTRY ELEMENTS (KOHA)
Source of classification or shelving scheme Dewey Decimal Classification
Koha item type Books
Holdings
Lost status Source of classification or shelving scheme Damaged status Not for loan Collection code Permanent Location Current Location Shelving location Date acquired Source of acquisition Cost, normal purchase price Total Checkouts Full call number Date last seen Copy number Koha item type
  Dewey Decimal Classification   Not For Loan Non-fiction Central Library, University of Rajshahi Central Library, University of Rajshahi Reading Room 15/02/1999 Karim International dhaka 2255.00   658.155 CHN 1992 10/02/2014 C-1 Books